000 00753nam a2200205 i 4500
001 22189
003 ES-MaACL
005 20250830063046.0
007 t|
008 030131s1915 fr ||||1| fre d
100 1 _aMichel, André,
_d1853-1925
_980889
245 1 4 _aLes villes martyres
_b: Reims, Soissons, Senlis, Arras /
_cpar André Michel ; Louvain par Mgr. Baudrillart.
260 _aParis :
_bPlon-Nourrit,
_c1915.
300 _a87, [8] p. :
_bil. ;
_c19 cm.
500 _aPrecede al tit.: La Société des Conferences, La Revue Hebdomadaire.
650 1 4 _aGuerra mundial, 1914-1918-
_xDestrucciones y saqueos.
_913218
700 1 _aBaudrillart, Alfred,
_d1859-1942
_926535
852 _aES-MaACL
_j1482-F-3
999 _c22189
_d22189